000 00914nam a2200265Ia 4500
003 OSt
005 20220923211359.0
006 a|||||r|||| 00| 0
007 ta
008 220922b |||||||| |||| 00| 0 hin d
020 _a9788188925150 (hbk)
_c325
024 _a273,640
037 _b23063, 16/08/2013, Kitab Ghar
_cTextual
040 _aARTS
_cARTS
_bhin
041 _2hin
_ahin
082 _aY:45:61, 152Q2
100 _aनिशांत सिंह
245 0 _aअंगुलि चिन्ह विज्ञान
246 _aAanguli chinha vijnyāna
260 _aदिल्ली
_b शिवा पब्लिकेशन्स
_c2012
300 _a224पृ.
_ccm.
650 _aभारतीय-लोक साहित्य
942 _hY:45:61, 152Q2
_cTEXL
_2CC
999 _c298949
_d298949